logo

Bir Sreshtho Munshi Abdur Rouf Library
Jhenaidah Cadet College

Precis Writing / (Record no. 4862)

MARC details
000 -LEADER
fixed length control field 00566nam a2200229 a 4500
001 - CONTROL NUMBER
JCCL Control Number 4862
003 - CONTROL NUMBER IDENTIFIER
JCCL marc code BD-JhCC
005 - DATE AND TIME OF LATEST TRANSACTION
control field 20171204185735.0
008 - FIXED-LENGTH DATA ELEMENTS--GENERAL INFORMATION
fixed length control field 171204s1956 e |||| ||a| 000 0 eng d
035 ## - SYSTEM CONTROL NUMBER
system control number (BD-JhCC)4862
040 ## - CATALOGING SOURCE
Original cataloging agency BD-JhCC
Modifying agency BD-JhCC
041 ## - LANGUAGE CODE
Language code of Book eng
082 ## - DEWEY DECIMAL CLASSIFICATION NUMBER
Classification number 428.2
Author mark and Year CHA 1956
100 ## - MAIN ENTRY--PERSONAL NAME
Personal name Chapman, L. R. H.
245 ## - TITLE STATEMENT
Title Precis Writing /
Statement of responsibility, etc L. R. H. Chapman
260 ## - PUBLICATION, DISTRIBUTION, ETC. (IMPRINT)
Place of publication, distribution, etc Longmans :
Name of publisher, distributor, etc Green and Co Ltd,
Date of publication, distribution, etc 1956.
300 ## - PHYSICAL DESCRIPTION
Pagination 90 p. :
Dimensions 18 cm.
650 ## - SUBJECT ADDED ENTRY--TOPICAL TERM
Topical term or geographic name as entry element Abstracting
650 ## - SUBJECT ADDED ENTRY--TOPICAL TERM
Topical term or geographic name as entry element English Language
942 ## - ADDED ENTRY ELEMENTS (KOHA)
Source of classification or shelving scheme Dewey Decimal Classification
Koha item type Books
Holdings
Source of classification or shelving scheme Damaged status Not for loan Home library Current library Shelving location Date of accession Total Checkouts Full call number Barcode Date last seen Copy number Koha item type
Dewey Decimal Classification     JCC Rouf Library JCC Rouf Library General Stacks 12/04/2017   428.2 CHA 1956 6816 12/04/2017 C-1 Books
Dewey Decimal Classification     JCC Rouf Library JCC Rouf Library General Stacks 12/04/2017   428.2 CHA 1956 6811 12/04/2017 C-2 Books
Dewey Decimal Classification     JCC Rouf Library JCC Rouf Library General Stacks 12/04/2017   428.2 CHA 1956 6834 12/04/2017 C-3 Books
Dewey Decimal Classification     JCC Rouf Library JCC Rouf Library General Stacks 12/04/2017   428.2 CHA 1956 6831 12/04/2017 C-4 Books
Dewey Decimal Classification     JCC Rouf Library JCC Rouf Library General Stacks 12/04/2017   428.2 CHA 1956 6830 12/04/2017 C-5 Books

JCC Library | Contacts | JCC Home

Last Update on 23 September 2017
Copyright @ 2017-2020 JCC Rouf Library
Rouf Library, Jhenidah Cadet College (JCC), Bangladesh